000 00608nam a2200169 i 4500
001 114834
003 ES-MaACL
005 20230906190248.0
007 t|
008 070403s1914 mx ||||1| eng d
100 1 _aRolland, Modesto C.
_999174
245 1 0 _aRevolutionary confederation
_b: conferences held at Veracruz, december 7th and 23rd : the agrarian question and practical means of solving the problem /
_cModesto C. Rolland.
260 _aVeracruz :
_bCompañía Veracruzana de Publicidad,
_c[1914?]
300 _a12 p. ;
_c19 cm.
852 _aES-MaACL
_j1483-F-3
852 _aES-MaACL
_j1592-F-1
999 _c114834
_d114834